Factual review of accidents on Indian goveronment railways (Record no. 498563)

000 -LEADER
fixed length control field 00328cam a22001097a 4500
008 - FIXED-LENGTH DATA ELEMENTS--GENERAL INFORMATION
fixed length control field 180718b xxu||||| |||| 00| 0 eng d
082 ## - DEWEY DECIMAL CLASSIFICATION NUMBER
Classification number W17x54
245 ## - TITLE STATEMENT
Title Factual review of accidents on Indian goveronment railways
Statement of responsibility, etc. by Ministry of Railways
260 ## - PUBLICATION, DISTRIBUTION, ETC.
Place of publication, distribution, etc.
Name of publisher, distributor, etc. Ministry of Railways
Date of publication, distribution, etc.
300 ## - PHYSICAL DESCRIPTION
Extent 31+p.
700 ## - ADDED ENTRY--PERSONAL NAME
Personal name Ministry of Railways
Holdings
Withdrawn status Lost status Damaged status Not for loan Permanent Location Current Location Date acquired Full call number Barcode Date last seen Price effective from Koha item type
        Indian Institute of Public Administration Indian Institute of Public Administration 2018-08-04 W17x54 GG33742 2018-08-04 2018-08-04 GG

Powered by Koha